[Event "Wch Blitz"]
[Site "Rishon Le Ziyyon"]
[Date "2006.09.07"]
[Round "12"]
[White "Carlsen, Magnus"]
[Black "Zoler, Dan"]
[Result "1/2-1/2"]
[WhiteElo "2675"]
[BlackElo "2455"]
[PlyCount "110"]
[EventDate "2006.09.07"]
[EventType "tourn (blitz)"]
[EventRounds "15"]
[EventCountry "ISR"]
[EventCategory "16"]
[WhiteTeam "United States"]
[BlackTeam "Norway"]
[WhiteTeamCountry "USA"]
[BlackTeamCountry "NOR"]

1. e4 c5 2. Nf3 d6 3. d4 cxd4 4. Nxd4 Nf6 5. Nc3 a6 6. Be3 Ng4 7. Bg5 h6 8. Bh4
g5 9. Bg3 Bg7 10. h3 Ne5 11. f3 Nbc6 12. Bf2 Bd7 13. Qd2 Rc8 14. Be2 b5 15. h4
gxh4 16. Rxh4 Ng6 17. Rh1 b4 18. Nd5 e6 19. Nxc6 Bxc6 20. Nxb4 Bxb2 21. Rb1 Be5
22. Bxa6 Bb7 23. Bb5+ Kf8 24. Bd4 Bf4 25. Qe2 e5 26. Bf2 h5 27. a4 h4 28. Nd3
Qa5+ 29. Kf1 Kg7 30. c4 Bc6 31. Nxf4 Nxf4 32. Qe1 Qxe1+ 33. Bxe1 h3 34. gxh3
Nxh3 35. a5 Ba8 36. Rb2 Nf4 37. Rbh2 Rxh2 38. Rxh2 f5 39. Bb4 fxe4 40. Bxd6 Kf6
41. fxe4 Bxe4 42. a6 Bd3+ 43. Ke1 Bxc4 44. Bxc4 Rxc4 45. a7 Ra4 46. Rh7 Ke6 47.
Bb8 Nd3+ 48. Kd2 e4 49. Ke3 Nc5 50. Rh6+ Kd5 51. Rh5+ Kc4 52. Bd6 Nb7 53. Bb8
Nc5 54. Bd6 Nb7 55. Bb8 Nc5 1/2-1/2

[Event "Wch Blitz"]
[Site "Rishon Le Ziyyon"]
[Date "2006.09.07"]
[Round "6"]
[White "Svidler, Peter"]
[Black "Carlsen, Magnus"]
[Result "1-0"]
[WhiteElo "2742"]
[BlackElo "2675"]
[PlyCount "73"]
[EventDate "2006.09.07"]
[EventType "tourn (blitz)"]
[EventRounds "15"]
[EventCountry "ISR"]
[EventCategory "16"]
[WhiteTeam "United States"]
[BlackTeam "Norway"]
[WhiteTeamCountry "USA"]
[BlackTeamCountry "NOR"]

1. e4 e5 2. Nf3 Nc6 3. Bb5 a6 4. Ba4 Nf6 5. O-O b5 6. Bb3 Be7 7. Re1 O-O 8. h3
Bb7 9. d3 Re8 10. c3 h6 11. Nbd2 Bc5 12. Nf1 Bb6 13. Ng3 d5 14. exd5 Na5 15.
Bc2 Qxd5 16. b4 Nc6 17. Bb3 Qd7 18. Nh4 Rad8 19. Nh5 Nxh5 20. Qxh5 Re6 21. Bxe6
Qxe6 22. Be3 Rxd3 23. Bxb6 cxb6 24. Rad1 Rxc3 25. Nf5 Bc8 26. Nd6 Bd7 27. Qxf7+
Qxf7 28. Nxf7 Be6 29. Nxe5 Nxe5 30. Rxe5 Bxa2 31. Rd6 Rc4 32. Rxb6 Rxb4 33.
Rxa6 Bc4 34. Re7 Rb1+ 35. Kh2 b4 36. Raa7 Kf8 37. Rec7 1-0

[Event "Wch Blitz"]
[Site "Rishon Le Ziyyon"]
[Date "2006.09.07"]
[Round "2"]
[White "Smirin, Ilia"]
[Black "Carlsen, Magnus"]
[Result "1/2-1/2"]
[WhiteElo "2659"]
[BlackElo "2675"]
[PlyCount "85"]
[EventDate "2006.09.07"]
[EventType "tourn (blitz)"]
[EventRounds "15"]
[EventCountry "ISR"]
[EventCategory "16"]
[WhiteTeam "United States"]
[BlackTeam "Norway"]
[WhiteTeamCountry "USA"]
[BlackTeamCountry "NOR"]

1. e4 e5 2. Nf3 Nc6 3. Bb5 a6 4. Ba4 Nf6 5. O-O Be7 6. Re1 b5 7. Bb3 O-O 8. d3
d6 9. c3 Be6 10. Nbd2 Qd7 11. Nf1 Rfe8 12. Ne3 Bf8 13. Bc2 d5 14. Ng5 dxe4 15.
Nxe6 fxe6 16. dxe4 Qxd1 17. Rxd1 Rad8 18. Bd2 Bc5 19. Kf1 Rd6 20. Ke2 Red8 21.
a4 Bb6 22. axb5 axb5 23. f3 Kf7 24. Be1 Rxd1 25. Rxd1 Ra8 26. Bd3 Ra5 27. b4
Ra2+ 28. Rd2 Ra3 29. Bxb5 Rxc3 30. Rd7+ Nxd7 31. Bxc3 Nd4+ 32. Bxd4 exd4 33.
Nc4 Nb8 34. Nxb6 cxb6 35. e5 Kg6 36. Kd3 Kf5 37. Kxd4 Kf4 38. Be8 Na6 39. b5
Nc5 40. Bc6 Nb3+ 41. Kc3 Nc5 42. Kd4 Nb3+ 43. Kc3 1/2-1/2

[Event "Wch Blitz"]
[Site "Rishon Le Ziyyon"]
[Date "2006.09.07"]
[Round "11"]
[White "Roiz, Michael"]
[Black "Carlsen, Magnus"]
[Result "1/2-1/2"]
[WhiteElo "2611"]
[BlackElo "2675"]
[PlyCount "24"]
[EventDate "2006.09.07"]
[EventType "tourn (blitz)"]
[EventRounds "15"]
[EventCountry "ISR"]
[EventCategory "16"]
[WhiteTeam "United States"]
[BlackTeam "Norway"]
[WhiteTeamCountry "USA"]
[BlackTeamCountry "NOR"]

1. Nf3 Nf6 2. g3 g6 3. Bg2 Bg7 4. O-O O-O 5. d4 d6 6. c4 c6 7. Nc3 Qb6 8. b3
Qa5 9. Bb2 Qh5 10. e4 Bg4 11. Qd3 Nbd7 12. Rfe1 e5 1/2-1/2

[Event "Wch Blitz"]
[Site "Rishon Le Ziyyon"]
[Date "2006.09.07"]
[Round "1"]
[White "Carlsen, Magnus"]
[Black "Sutovsky, Emil"]
[Result "1/2-1/2"]
[WhiteElo "2675"]
[BlackElo "2607"]
[PlyCount "130"]
[EventDate "2006.09.07"]
[EventType "tourn (blitz)"]
[EventRounds "15"]
[EventCountry "ISR"]
[EventCategory "16"]
[WhiteTeam "United States"]
[BlackTeam "Norway"]
[WhiteTeamCountry "USA"]
[BlackTeamCountry "NOR"]

1. e4 c5 2. Nf3 d6 3. d4 cxd4 4. Nxd4 Nf6 5. Nc3 a6 6. Bd3 g6 7. f4 Bg7 8. Nf3
Nbd7 9. O-O Nc5 10. Kh1 O-O 11. Qe1 b5 12. a3 e6 13. Qh4 Nfd7 14. Qh3 Nxd3 15.
cxd3 Nc5 16. Rd1 Nb3 17. Rb1 Nd4 18. Nxd4 Bxd4 19. Be3 Qb6 20. Bxd4 Qxd4 21.
Ne2 Qf2 22. Qf3 Qxf3 23. gxf3 Bb7 24. Rdc1 Rac8 25. Kg2 f5 26. Kf2 Kf7 27. Ke3
Ke7 28. Nd4 Kd7 29. h4 Ke7 30. Nb3 Kd7 31. h5 gxh5 32. Rxc8 Rxc8 33. Rh1 Rh8
34. Rxh5 Ke7 35. exf5 exf5 36. Nd4 Bc8 37. Rh6 Bd7 38. b4 Bc8 39. Kf2 Bd7 40.
Kg3 Rg8+ 41. Kf2 Rg7 42. Ne2 Bc8 43. Ng3 Be6 44. Nf1 Bd7 45. Ne3 Be6 46. d4 Rf7
47. d5 Bd7 48. Nc2 Rg7 49. Nd4 Rf7 50. Ke3 Rg7 51. Ne6 Bxe6 52. Rxe6+ Kd7 53.
Rf6 Rg1 54. Rxf5 Ra1 55. Rf7+ Ke8 56. Rxh7 Rxa3+ 57. Ke4 Rb3 58. Kf5 Rxb4 59.
Ke6 Rxf4 60. Ra7 Kd8 61. Kxd6 Rf6+ 62. Kc5 Rxf3 63. Kc6 Rc3+ 64. Kd6 Kc8 65.
Rxa6 Kb7 1/2-1/2

[Event "Wch Blitz"]
[Site "Rishon Le Ziyyon"]
[Date "2006.09.07"]
[Round "10"]
[White "Carlsen, Magnus"]
[Black "Erenburg, Sergey"]
[Result "0-1"]
[WhiteElo "2675"]
[BlackElo "2585"]
[PlyCount "118"]
[EventDate "2006.09.07"]
[EventType "tourn (blitz)"]
[EventRounds "15"]
[EventCountry "ISR"]
[EventCategory "16"]
[WhiteTeam "United States"]
[BlackTeam "Norway"]
[WhiteTeamCountry "USA"]
[BlackTeamCountry "NOR"]

1. e4 e5 2. Nf3 Nf6 3. Nxe5 d6 4. Nf3 Nxe4 5. Bd3 Nf6 6. O-O Be7 7. h3 O-O 8.
c3 b6 9. Bc2 Bb7 10. Re1 Nbd7 11. d4 Re8 12. Nbd2 Bf8 13. Rxe8 Qxe8 14. Nf1 Be4
15. Bf4 Bxc2 16. Qxc2 Qe4 17. Qd2 b5 18. Bg3 Nd5 19. Re1 Qf5 20. Qe2 a6 21. Ne3
Nxe3 22. fxe3 Qd5 23. b3 f5 24. c4 bxc4 25. bxc4 Qe4 26. Ng5 Qe7 27. Nf3 Re8
28. Qc2 Qf7 29. Bh4 h6 30. Bf2 Nf6 31. Qxf5 Qxc4 32. Qb1 Ne4 33. Rc1 Rb8 34.
Rxc4 Rxb1+ 35. Be1 c5 36. dxc5 Nxc5 37. Rc2 Nd3 38. Kf1 Nb4 39. Rd2 Ra1 40. Ke2
Rxa2 41. Rxa2 Nxa2 42. Kd3 d5 43. Kd4 Nb4 44. Bxb4 Bxb4 45. Kxd5 a5 46. Kc4 Kf7
47. e4 Ke6 48. Kb5 Kd6 49. Nd4 Ke5 50. Nf5 Bf8 51. Kxa5 Kxe4 52. Ng3+ Ke3 53.
Nh5 g6 54. Nf6 Bg7 55. Ng4+ Kf4 56. Kb4 h5 57. Nf2 Kg3 58. Nd3 g5 59. Nc5 Bf8
0-1

[Event "Wch Blitz"]
[Site "Rishon Le Ziyyon"]
[Date "2006.09.07"]
[Round "5"]
[White "Carlsen, Magnus"]
[Black "Gurevich, Dmitry"]
[Result "1-0"]
[WhiteElo "2675"]
[BlackElo "2507"]
[PlyCount "71"]
[EventDate "2006.09.07"]
[EventType "tourn (blitz)"]
[EventRounds "15"]
[EventCountry "ISR"]
[EventCategory "16"]
[WhiteTeam "United States"]
[BlackTeam "Norway"]
[WhiteTeamCountry "USA"]
[BlackTeamCountry "NOR"]

1. e4 c5 2. Nf3 d6 3. d4 cxd4 4. Nxd4 Nf6 5. Nc3 Nc6 6. Bg5 g6 7. Bxf6 exf6 8.
Bc4 Bg7 9. Ndb5 O-O 10. Qxd6 f5 11. O-O-O Qa5 12. Qc7 Bxc3 13. bxc3 a6 14. Rd8
Qxc7 15. Rxf8+ Kxf8 16. Nxc7 Ra7 17. Bd3 b5 18. Nd5 Be6 19. Kb2 Ne5 20. Nf4 Bc4
21. exf5 g5 22. Re1 Re7 23. Ne6+ Bxe6 24. Rxe5 Bc8 25. Rc5 Bb7 26. f6 Re6 27.
Rxg5 h6 28. Rc5 Rxf6 29. f3 Rd6 30. c4 bxc4 31. Rxc4 Kg7 32. Rb4 Bc8 33. a4 Kf6
34. Rf4+ Ke7 35. Kc3 Rc6+ 36. Rc4 1-0

[Event "Amsterdam NH Hotels 1st"]
[Site "Amsterdam"]
[Date "2006.08.29"]
[Round "10"]
[White "Andersson, Ulf"]
[Black "Carlsen, Magnus"]
[Result "1/2-1/2"]
[WhiteElo "2542"]
[BlackElo "2675"]
[PlyCount "58"]
[EventDate "2006.08.19"]
[EventType "schev"]
[EventRounds "10"]
[EventCountry "NED"]
[WhiteTeam "United States"]
[BlackTeam "Norway"]
[WhiteTeamCountry "USA"]
[BlackTeamCountry "NOR"]

1. Nf3 Nf6 2. c4 c5 3. g3 Nc6 4. Bg2 g6 5. O-O Bg7 6. d4 cxd4 7. Nxd4 O-O 8.
Nc3 Nxd4 9. Qxd4 d6 10. Qd3 a6 11. Bd2 Rb8 12. Rac1 Bf5 13. e4 Bd7 14. b3 b5
15. Rfd1 bxc4 16. Qxc4 Qb6 17. h3 Rfc8 18. Qe2 h5 19. Be3 Qa5 20. Qd2 Kf8 21.
Ne2 Qxd2 22. Bxd2 Ke8 23. Rxc8+ Rxc8 24. Rc1 Rxc1+ 25. Bxc1 Bb5 26. Nc3 Bd3 27.
Bd2 Kd7 28. f3 Ne8 29. Bf1 Bxf1 1/2-1/2

[Event "Amsterdam NH Hotels 1st"]
[Site "Amsterdam"]
[Date "2006.08.25"]
[Round "6"]
[White "Ljubojevic, Ljubomir"]
[Black "Carlsen, Magnus"]
[Result "1/2-1/2"]
[WhiteElo "2551"]
[BlackElo "2675"]
[PlyCount "68"]
[EventDate "2006.08.19"]
[EventType "schev"]
[EventRounds "10"]
[EventCountry "NED"]
[WhiteTeam "United States"]
[BlackTeam "Norway"]
[WhiteTeamCountry "USA"]
[BlackTeamCountry "NOR"]

1. d4 Nf6 2. c4 c5 3. d5 b5 4. cxb5 a6 5. bxa6 g6 6. Nc3 Bxa6 7. Nf3 Bg7 8. g3
d6 9. Bg2 Nbd7 10. O-O Nb6 11. Ne1 O-O 12. Nc2 Nc4 13. Ne3 Qb6 14. Qc2 Rfb8 15.
b3 Nxe3 16. Bxe3 Ng4 17. Bd2 c4 18. h3 cxb3 19. axb3 Ne5 20. Ra4 Nd7 21. b4 Qb7
22. Rb1 Qc8 23. b5 Bxc3 24. Qxc3 Rxb5 25. Rxb5 Bxb5 26. Qxc8+ Rxc8 27. Ra7 f6
28. Rb7 Rb8 29. Rxb8+ Nxb8 30. e4 Nd7 31. f3 f5 32. Kf2 fxe4 33. fxe4 Kf7 34.
Ke3 Ne5 1/2-1/2

[Event "Amsterdam NH Hotels 1st"]
[Site "Amsterdam"]
[Date "2006.08.21"]
[Round "3"]
[White "Carlsen, Magnus"]
[Black "Jussupow, Artur"]
[Result "1/2-1/2"]
[WhiteElo "2675"]
[BlackElo "2617"]
[PlyCount "138"]
[EventDate "2006.08.19"]
[EventType "schev"]
[EventRounds "10"]
[EventCountry "NED"]
[WhiteTeam "United States"]
[BlackTeam "Norway"]
[WhiteTeamCountry "USA"]
[BlackTeamCountry "NOR"]

1. e4 e6 2. d4 d5 3. Nd2 c5 4. Ngf3 Nc6 5. exd5 exd5 6. Bb5 Bd6 7. dxc5 Bxc5 8.
Nb3 Bd6 9. O-O Nge7 10. Re1 O-O 11. Bd3 h6 12. h3 Nf5 13. c3 Qf6 14. Bc2 Rd8
15. Qd3 g6 16. Bd2 a5 17. Be3 Nxe3 18. Rxe3 Bf5 19. Qd1 Be4 20. a4 Bf4 21. Re1
Bc7 22. Nbd4 Bxf3 23. Qxf3 Qxf3 24. Nxf3 Bb6 25. Rad1 Rd6 26. Rd2 Rad8 27. Red1
Bc5 28. Kf1 d4 29. Be4 dxc3 30. bxc3 Rxd2 31. Rxd2 Rxd2 32. Nxd2 Nd8 33. Nb3
Bb6 34. Ke2 Kf8 35. f3 Ne6 36. Bxb7 Nc5 37. Nxc5 Bxc5 38. Kd3 Ke7 39. Kc4 Kd6
40. Bd5 f6 41. Be4 g5 42. Kb5 h5 43. Kxa5 h4 44. Kb5 Bg1 45. a5 Bf2 46. a6 Ba7
47. f4 gxf4 48. Kc4 Ke5 49. Bf3 Bg1 50. Kd3 Ba7 51. Bb7 Bb6 52. Ke2 Ba7 53. Kf3
f5 54. Ke2 Bb6 55. Kd3 Ba7 56. Kc4 Kd6 57. Bf3 Bg1 58. Kb5 Ba7 59. Bh5 Be3 60.
Bg6 f3 61. gxf3 f4 62. Be4 Ba7 63. c4 Bg1 64. a7 Bxa7 65. Ka6 Bc5 66. Kb7 Bd4
67. Kc8 Bb6 68. Bd5 Ba5 69. Be4 Bb6 1/2-1/2

[Event "Amsterdam NH Hotels 1st"]
[Site "Amsterdam"]
[Date "2006.08.19"]
[Round "1"]
[White "Carlsen, Magnus"]
[Black "Ljubojevic, Ljubomir"]
[Result "1/2-1/2"]
[WhiteElo "2675"]
[BlackElo "2551"]
[PlyCount "70"]
[EventDate "2006.08.19"]
[EventType "schev"]
[EventRounds "10"]
[EventCountry "NED"]
[WhiteTeam "United States"]
[BlackTeam "Norway"]
[WhiteTeamCountry "USA"]
[BlackTeamCountry "NOR"]

1. e4 e6 2. d4 d5 3. Nc3 Nf6 4. e5 Nfd7 5. f4 c5 6. Nf3 Nc6 7. Be3 a6 8. Qd2 b5
9. a3 g5 10. fxg5 cxd4 11. Bxd4 Bg7 12. O-O-O Bb7 13. Re1 Rc8 14. Ne2 Qc7 15.
Kb1 Ndxe5 16. Nxe5 Nxd4 17. Nxd4 Bxe5 18. c3 Kd7 19. g3 Rce8 20. Bh3 Kc8 21.
Rhf1 Bd6 22. Rf6 Kb8 23. Ref1 Rhf8 24. Rh6 Rh8 25. Bg4 e5 26. Nc2 d4 27. cxd4
exd4 28. Bf5 Bf8 29. Rxh7 Rxh7 30. Bxh7 Bg7 31. Bd3 Re7 32. Qf2 Qd6 33. Re1 Be5
34. Re2 Ka7 35. Qe1 Bf3 1/2-1/2

[Event "Biel GM"]
[Site "Biel"]
[Date "2006.08.02"]
[Round "9"]
[White "Volokitin, Andrei"]
[Black "Carlsen, Magnus"]
[Result "1-0"]
[WhiteElo "2662"]
[BlackElo "2675"]
[PlyCount "77"]
[EventDate "2006.07.24"]
[EventType "tourn"]
[EventRounds "10"]
[EventCountry "SUI"]
[EventCategory "17"]
[WhiteTeam "United States"]
[BlackTeam "Norway"]
[WhiteTeamCountry "USA"]
[BlackTeamCountry "NOR"]

1. e4 c5 2. Nf3 d6 3. d4 cxd4 4. Nxd4 Nf6 5. Nc3 Nc6 6. Bg5 g6 7. Bxf6 exf6 8.
Bc4 Bg7 9. Ndb5 O-O 10. Qxd6 f5 11. O-O-O Qa5 12. Qc7 fxe4 13. Qxa5 Nxa5 14.
Bd5 Bg4 15. Rde1 Rad8 16. Rxe4 Bf5 17. Ra4 b6 18. Rd1 a6 19. Nd4 Bd7 20. Rb4 b5
21. Nf3 Nc6 22. Re4 b4 23. Bxc6 Bxc6 24. Rxb4 Bh6+ 25. Kb1 Rxd1+ 26. Nxd1 Bxf3
27. gxf3 Rd8 28. Nc3 Rd2 29. a4 Rxf2 30. Rb6 a5 31. Nd5 Rxh2 32. Rb5 Bd2 33. c4
h5 34. c5 Rh1+ 35. Kc2 Bh6 36. f4 Bf8 37. Rb8 Rh2+ 38. Kd3 Rh3+ 39. Kc4 1-0

[Event "Biel GM"]
[Site "Biel"]
[Date "2006.07.28"]
[Round "5"]
[White "Carlsen, Magnus"]
[Black "Volokitin, Andrei"]
[Result "0-1"]
[WhiteElo "2675"]
[BlackElo "2662"]
[PlyCount "64"]
[EventDate "2006.07.24"]
[EventType "tourn"]
[EventRounds "10"]
[EventCountry "SUI"]
[EventCategory "17"]
[WhiteTeam "United States"]
[BlackTeam "Norway"]
[WhiteTeamCountry "USA"]
[BlackTeamCountry "NOR"]

1. Nf3 Nf6 2. c4 c5 3. Nc3 Nc6 4. d4 cxd4 5. Nxd4 e6 6. g3 Qb6 7. Nb3 Ne5 8. e4
Bb4 9. Qe2 d6 10. f4 Nc6 11. Be3 Bxc3+ 12. bxc3 Qc7 13. Bg2 O-O 14. O-O b6 15.
Nd4 Nxd4 16. cxd4 Ba6 17. Rac1 Rac8 18. e5 Nd5 19. Bxd5 exd5 20. f5 dxc4 21. f6
g6 22. Qg4 Qc6 23. Rf4 dxe5 24. dxe5 Bb7 25. Qh3 Rfe8 26. Kf2 Rxe5 27. Rcxc4
Qxc4 28. Rxc4 Rxc4 29. Qd7 Rc2+ 30. Kg1 Bc6 31. Qd4 Rd5 32. Qg4 h5 0-1

[Event "Biel GM"]
[Site "Biel"]
[Date "2006.07.27"]
[Round "4"]
[White "Bruzon Bautista, Lazaro"]
[Black "Carlsen, Magnus"]
[Result "1/2-1/2"]
[WhiteElo "2667"]
[BlackElo "2675"]
[PlyCount "98"]
[EventDate "2006.07.24"]
[EventType "tourn"]
[EventRounds "10"]
[EventCountry "SUI"]
[EventCategory "17"]
[WhiteTeam "United States"]
[BlackTeam "Norway"]
[WhiteTeamCountry "USA"]
[BlackTeamCountry "NOR"]

1. Nf3 Nf6 2. c4 c5 3. Nc3 Nc6 4. g3 g6 5. Bg2 Bg7 6. O-O O-O 7. d4 cxd4 8.
Nxd4 Nxd4 9. Qxd4 d6 10. Qd3 a6 11. Bd2 Rb8 12. Rac1 Bf5 13. e4 Bd7 14. h3 b5
15. cxb5 axb5 16. b4 Qe8 17. Rfe1 Be6 18. Nd5 Nd7 19. f4 Nb6 20. Bc3 Bxc3 21.
Qxc3 Bxd5 22. exd5 Rb7 23. Rc2 Qa8 24. Rce2 Rc8 25. Qf3 Nc4 26. h4 Qa7+ 27. Kh1
Re8 28. h5 Qd4 29. Re4 Qf6 30. Qe2 Ra7 31. h6 Kf8 32. Bh3 Ra3 33. Qh2 Nb6 34.
Bf1 Nxd5 35. Bxb5 Rc8 36. Bc4 Qf5 37. Bb3 e6 38. Kg1 Rc3 39. Qh4 Nf6 40. R4e3
Rxe3 41. Rxe3 Ra8 42. Re2 Qb1+ 43. Kg2 Qd3 44. Rxe6 Nd5 45. Re1 Ne3+ 46. Rxe3
Qxe3 47. Qf6 Qe2+ 48. Kg1 Qe1+ 49. Kg2 Qe2+ 1/2-1/2

[Event "NOR-ch"]
[Site "Moss"]
[Date "2006.07.15"]
[Round "9"]
[White "Ostenstad, Berge"]
[Black "Carlsen, Magnus"]
[Result "1-0"]
[WhiteElo "2480"]
[BlackElo "2673"]
[PlyCount "111"]
[EventDate "2006.07.08"]
[EventType "swiss"]
[EventRounds "9"]
[EventCountry "NOR"]
[WhiteTeam "United States"]
[BlackTeam "Norway"]
[WhiteTeamCountry "USA"]
[BlackTeamCountry "NOR"]

1. c4 e5 2. g3 Nf6 3. Bg2 h6 4. d4 exd4 5. Qxd4 Nc6 6. Qd1 Bb4+ 7. Bd2 Bxd2+ 8.
Qxd2 O-O 9. Nc3 d6 10. Nh3 Ne5 11. b3 c6 12. Rd1 Qa5 13. O-O Kh8 14. Nf4 Bf5
15. e4 Bh7 16. Nfe2 Rad8 17. Qb2 Rfe8 18. Rd4 d5 19. cxd5 cxd5 20. b4 Qb6 21.
exd5 Bd3 22. Rd1 Nfg4 23. Qd2 Nxf2 24. Kxf2 Ng4+ 25. Kg1 Bxe2 26. Nxe2 Ne3 27.
Nc3 Nxd1 28. Nxd1 Re5 29. Nf2 Rc8 30. Bf3 f5 31. Kg2 Rd8 32. d6 Rd7 33. h4 Re6
34. Qf4 Rexd6 35. Rxd6 Qxd6 36. Qxf5 g6 37. Qc2 Kg7 38. a3 b6 39. Ne4 Qe5 40.
Nf2 Rc7 41. Qd2 Qc3 42. Qe2 Qf6 43. h5 gxh5 44. Bxh5 Re7 45. Qd3 Qg5 46. Bf3
Qe3 47. Qd8 Re8 48. Qd1 Re7 49. Ng4 Qg5 50. Qd4+ Kf7 51. Qd6 Re6 52. Qd7+ Qe7
53. Qd4 Kg6 54. Bd5 Re2+ 55. Kf3 Re1 56. Be4+ 1-0

[Event "NOR-ch"]
[Site "Moss"]
[Date "2006.07.10"]
[Round "4"]
[White "Tallaksen, Geir Sune"]
[Black "Carlsen, Magnus"]
[Result "1/2-1/2"]
[WhiteElo "2356"]
[BlackElo "2673"]
[PlyCount "107"]
[EventDate "2006.07.08"]
[EventType "swiss"]
[EventRounds "9"]
[EventCountry "NOR"]
[WhiteTeam "United States"]
[BlackTeam "Norway"]
[WhiteTeamCountry "USA"]
[BlackTeamCountry "NOR"]

1. d4 Nf6 2. c4 e6 3. Nf3 b6 4. g3 Ba6 5. Nbd2 Bb4 6. Qc2 Bb7 7. Bg2 c5 8. dxc5
Bxc5 9. O-O Be7 10. b3 d6 11. Bb2 Nbd7 12. e4 Qc7 13. Rfe1 O-O 14. e5 dxe5 15.
Nxe5 Bxg2 16. Kxg2 Qb7+ 17. Kg1 Nxe5 18. Bxe5 Rfd8 19. Bc3 Rd7 20. Rad1 Rad8
21. Ne4 Ne8 22. Rxd7 Rxd7 23. Re2 h6 24. Rd2 Rxd2 25. Nxd2 Qd7 26. Qe4 Nf6 27.
Qa8+ Kh7 28. Qf3 Bd8 29. Kf1 Kg8 30. Ke2 Ne8 31. Qd3 Qc8 32. b4 Be7 33. a4 Nd6
34. Be5 Nb7 35. Bc3 Bf8 36. Ne4 Qc6 37. b5 Qc7 38. Kf1 Qe7 39. Bd4 Qb4 40. Qc2
Qa3 41. Kg2 Qe7 42. Qd3 Qd7 43. Qe3 Na5 44. Qc3 f5 45. Nd2 Bb4 46. Qxb4 Qxd4
47. Qe7 Qxd2 48. Qxe6+ Kf8 49. Qxf5+ Ke7 50. Qe5+ Kf8 51. Qf5+ Ke7 52. Qe5+ Kd7
53. Qxg7+ Kd6 54. Qf8+ 1/2-1/2

[Event "NOR-ch"]
[Site "Moss"]
[Date "2006.07.10"]
[Round "3"]
[White "Carlsen, Magnus"]
[Black "Lie, Kjetil A"]
[Result "1-0"]
[WhiteElo "2673"]
[BlackElo "2536"]
[PlyCount "51"]
[EventDate "2006.07.08"]
[EventType "swiss"]
[EventRounds "9"]
[EventCountry "NOR"]
[WhiteTeam "United States"]
[BlackTeam "Norway"]
[WhiteTeamCountry "USA"]
[BlackTeamCountry "NOR"]

1. e4 c5 2. Nf3 g6 3. d4 cxd4 4. Nxd4 Bg7 5. Nc3 Nc6 6. Be3 Nf6 7. Bc4 Qa5 8.
O-O O-O 9. Bb3 d6 10. h3 Bd7 11. Qe1 Rfe8 12. Rd1 Rac8 13. f4 Nd8 14. Bf2 e5
15. fxe5 Qxe5 16. Nf3 Qh5 17. Rxd6 Bxh3 18. gxh3 Qxf3 19. Bg3 Qh5 20. Rdxf6
Bxf6 21. Rxf6 Qxh3 22. Qf2 Ne6 23. Nd5 Ng5 24. Rxf7 Rxc2 25. Ne7+ Kh8 26. Be5#
1-0

[Event "Tromsoe Midnight Sun"]
[Site "Tromsoe"]
[Date "2006.06.29"]
[Round "6"]
[White "Rozentalis, Eduardas"]
[Black "Carlsen, Magnus"]
[Result "1/2-1/2"]
[WhiteElo "2596"]
[BlackElo "2646"]
[PlyCount "43"]
[EventDate "2006.06.24"]
[EventType "swiss"]
[EventRounds "9"]
[EventCountry "NOR"]
[WhiteTeam "United States"]
[BlackTeam "Norway"]
[WhiteTeamCountry "USA"]
[BlackTeamCountry "NOR"]

1. e4 e5 2. Nf3 Nc6 3. Bb5 a6 4. Bxc6 dxc6 5. O-O Qf6 6. d3 Ne7 7. Be3 Ng6 8.
Nbd2 Bd6 9. h3 O-O 10. Nc4 b5 11. Nxd6 cxd6 12. d4 Qe7 13. Re1 Bb7 14. dxe5
dxe5 15. c4 Rfd8 16. Qc2 Bc8 17. a4 Be6 18. axb5 axb5 19. Rxa8 Rxa8 20. cxb5
cxb5 21. Qc6 Qe8 22. Qxe8+ 1/2-1/2

[Event "Tromsoe Midnight Sun"]
[Site "Tromsoe"]
[Date "2006.06.28"]
[Round "5"]
[White "Carlsen, Magnus"]
[Black "Krasenkow, Michal"]
[Result "1/2-1/2"]
[WhiteElo "2646"]
[BlackElo "2650"]
[PlyCount "88"]
[EventDate "2006.06.24"]
[EventType "swiss"]
[EventRounds "9"]
[EventCountry "NOR"]
[WhiteTeam "United States"]
[BlackTeam "Norway"]
[WhiteTeamCountry "USA"]
[BlackTeamCountry "NOR"]

1. e4 e5 2. Nf3 Nc6 3. Bb5 a6 4. Ba4 Nf6 5. O-O Nxe4 6. d4 b5 7. Bb3 d5 8. dxe5
Be6 9. Nbd2 Be7 10. c3 O-O 11. Bc2 f5 12. Nb3 Qd7 13. Nbd4 Nxd4 14. Nxd4 c5 15.
Nxe6 Qxe6 16. f3 Ng5 17. a4 Rad8 18. axb5 axb5 19. Bxg5 Bxg5 20. f4 Be7 21. Kh1
Kh8 22. Qd3 Qc6 23. Rfd1 c4 24. Qf3 g6 25. b4 Rd7 26. Qe3 Ra8 27. Qd4 Rdd8 28.
g4 Rxa1 29. Rxa1 Ra8 30. Rg1 Bd8 31. e6+ Kg8 32. gxf5 Bb6 33. Qe5 Bxg1 34. fxg6
hxg6 35. Bxg6 Bb6 36. Qg5 Qxe6 37. Bf5+ Kf8 38. Bxe6 Ra1+ 39. Kg2 Rg1+ 40. Kf3
Rxg5 41. fxg5 d4 42. cxd4 Bxd4 43. h4 Bc3 44. Bd7 Bxb4 1/2-1/2

[Event "Tromsoe Midnight Sun"]
[Site "Tromsoe"]
[Date "2006.06.26"]
[Round "3"]
[White "Carlsen, Magnus"]
[Black "Dworakowska, Joanna"]
[Result "1-0"]
[WhiteElo "2646"]
[BlackElo "2364"]
[PlyCount "77"]
[EventDate "2006.06.24"]
[EventType "swiss"]
[EventRounds "9"]
[EventCountry "NOR"]
[WhiteTeam "United States"]
[BlackTeam "Norway"]
[WhiteTeamCountry "USA"]
[BlackTeamCountry "NOR"]

1. e4 c5 2. Nf3 d6 3. d4 cxd4 4. Nxd4 Nf6 5. Nc3 a6 6. g3 e5 7. Nb3 Nbd7 8. a4
b6 9. Bg2 Bb7 10. O-O Be7 11. Re1 O-O 12. Nd2 Nc5 13. Nf1 b5 14. Bg5 b4 15.
Bxf6 bxc3 16. Bxe7 Qxe7 17. b4 Ne6 18. Ne3 Nd4 19. Qd3 Rac8 20. b5 axb5 21.
axb5 Rc5 22. b6 Rb8 23. Reb1 Bc6 24. Nf5 Nxf5 25. exf5 e4 26. Qd4 h5 27. h4 Qe5
28. Qxe5 Rxe5 29. Ra7 Bb7 30. Rb4 d5 31. Bh3 Ree8 32. Kf1 Rec8 33. Ke2 Rc6 34.
Ke3 Kf8 35. Bf1 Ke7 36. Ba6 Kd6 37. Rxb7 Ra8 38. Bb5 Rcc8 39. Kd4 1-0

[Event "Sarajevo Bosnia-A 36th"]
[Site "Sarajevo"]
[Date "2006.05.16"]
[Round "10"]
[White "Carlsen, Magnus"]
[Black "Predojevic, Borki"]
[Result "1/2-1/2"]
[WhiteElo "2646"]
[BlackElo "2566"]
[PlyCount "175"]
[EventDate "2006.05.07"]
[EventType "tourn"]
[EventRounds "10"]
[EventCountry "BIH"]
[EventCategory "17"]
[WhiteTeam "Germany"]
[BlackTeam "Germany"]
[WhiteTeamCountry "GER"]
[BlackTeamCountry "GER"]

1. e4 e5 2. Nf3 Nc6 3. Bb5 a6 4. Ba4 Nf6 5. O-O Nxe4 6. d4 b5 7. Bb3 d5 8. dxe5
Be6 9. Nbd2 Be7 10. c3 O-O 11. Qe2 Nxd2 12. Bxd2 Na5 13. Bc2 c5 14. b3 Nc6 15.
Qd3 g6 16. Bh6 Re8 17. Qd2 b4 18. cxb4 Nxb4 19. Bd1 Nc6 20. Qf4 Rb8 21. a3 Qd7
22. Rc1 Na5 23. Nd2 Rec8 24. h4 Nc6 25. Nf3 Na5 26. Nd2 Nc6 27. Nf3 Na5 28. Rb1
c4 29. b4 c3 30. Be2 Nc4 31. Ra1 a5 32. Rfc1 Nxa3 33. Rxa3 Rxb4 34. Qe3 d4 35.
Qd3 Bf5 36. Qa6 d3 37. Raxc3 Rxc3 38. Rxc3 dxe2 39. Qxe2 Rb8 40. Ng5 Qd4 41.
Rc4 Qd5 42. Rc7 Bd8 43. Rc1 a4 44. Rd1 Qxd1+ 45. Qxd1 Rb1 46. Qxb1 Bxb1 47. Nf3
Be4 48. Nd4 a3 49. Bc1 a2 50. Bb2 Bxh4 51. g3 Be7 52. f4 h5 53. Kf2 Bd5 54. Ke3
h4 55. gxh4 Ba3 56. Ba1 Bc1+ 57. Kf2 Bxf4 58. Ne2 Bd2 59. Nc3 Be6 60. Ne4 Bc1
61. Nf6+ Kg7 62. Ne4 Kh6 63. Nf6 Ba3 64. Kg3 Bb4 65. Kf2 Ba5 66. Bb2 g5 67.
hxg5+ Kxg5 68. Ke3 Kf5 69. Ne8 Bb6+ 70. Kd2 Ke4 71. Nd6+ Kd5 72. Kc2 Bc5 73.
Bc3 Bb4 74. Ba1 f5 75. Nxf5 Bxf5+ 76. Kb3 Bc5 77. Kxa2 Be6 78. Kb3 Ke4+ 79. Kc2
Ke3 80. Bc3 Bf5+ 81. Kb2 Be6 82. Kc2 Bb6 83. Bd2+ Ke2 84. Bc3 Bf5+ 85. Kb2 Kd3
86. e6 Bxe6 87. Bh8 Bd4+ 88. Bxd4 1/2-1/2